000
00241nam a2200097Ia 4500
001
645881
005
20250826153632.0
008
250824s9999 xx 000 0 und d
245
0
_a
NEREDEN NEREYE KEŞİFLER
_c
IAN MCNEE
260
_b
GENÇ TİMAŞ
999
_c
645881
_d
645881